000 01041nam a2200397Ia 4500
001 39887
005 20240114002114.0
007 ta
008 170505s1958 ii g b000 u 465 u
040 _aCotton College,Assam
041 _a465
082 _a320.1954
_bAl 79 St
100 _aAltekar, A.S..
245 0 _aState and Government in Ancient India /
_cA.S.Altekar.
_hTextual Documents
250 _a3rd ed. /
260 _aDelhi :
_bMotilal Banarsidass Publishers ,
_c1958.
300 _a405p. ;
_c22cm.
653 _aPolitics-India
653 _aGovernment-Ancient India
653 _aG-Political Science
653 _aPG-Political Science
653 _aMS-Political Science
653 _aT/G-Political Science
653 _aT/G-Politicl Science
942 _2ddc
_cBK
999 _c39859
_d39859